00345nam a22001217a 450000500170000002000180001708200120003508400250004710000200007224500490009225000200014126000620016120260506122141.0 a9788198953803 a572 SAT 2Colon Classification aSatyanarayana U aBiochemistry/cU Satyanarayana, U Chakrapani aSeventh Edition aNew Delhi:bCBS Publishers & Distributors Pvt Ltd;c2026.